000 00901nam a22002297a 4500
999 _c7638
_d7638
003 AR-CdUCM
008 190321b ||||| |||| 00| 0 spa d
040 _aMUNICIPALIDAD PROVINCIAL DEL CUSCO
_cBIBLIOTECA MUNICIPAL DEL CUSCO
082 _a671 /
_bN55
100 _aNiese, Hans
_921129
245 _aSoldadura autógena y corte a la llama /
260 _aMéxico :
_bHispano-americana,
_c1964.
300 _a154 paginas ;
_c17 cm.
505 _aContenido :Los gases en la operación de soldadura por fusión con gas -- Los cilindros de gas -- Sopletes de soldador y maquinas para soldar -- Mangueras y conductos -- Abastecimiento central de oxigeno y de acetileno ...
650 _aMetal puro
_921570
650 _aMetalurgia
_919102
650 _aQuímica
_94512
700 _aKucheler, Alex
_921571
700 _aToral, María Teresa (traductor)
_921572
942 _2ddc
_cLIBROS
945 _arum